• 首页
  • 本馆介绍
  • 公告通知
  • 最新文献
  • 馆藏检索
  • 电子资源
  • 读者导购
  • 参考咨询
  • 我的图书馆
  • 登录
  • 详细信息显示
  • 放入我的书架
  • 预约/预借图书
  • 作者相关作品
  • 分类相关作品
  • 丛书相关作品
  • 出版社相关作品

书目信息

  • 表格格式
  • 工作单格式
  • 卡片格式
题名:
日用化工品制造技术
    
 
作者: 仇厚援 , 韩长日 , 宋小平 主编
分册:  
出版信息: 北京   科学技术文献出版社  2000
页数: 754
开本: 20cm
丛书名:
单 册:
中图分类: TQ072-62
科图分类:
主题词: 化工产品:副产品 , 化工产品
电子资源:
ISBN: 7-5023-3037-2
000 00827nam0 2200229 450
001 0754114953
005 20070929150154.95
010    @a7-5023-3037-2
100    @a20070929d km y0chiy0120 ea
101 0  @achi
200 1  @a日用化工品制造技术@Ari yong hua gong pin zhi zao ji shu@e精细化工品实用生产技术手册@f宋小平,韩长日,仇厚援 主编@Fsong xiao ping,han chang ri,chou hou yuan zhu bian
210    @a北京@c科学技术文献出版社@d2000
215    @a754@d20cm
517 1  @a精细化工品实用生产技术手册@Ajing xi hua gong pin shi yong sheng chan ji shu shou ce
606 0  @a化工产品:副产品
606 0  @a化工产品
690    @aTQ072-62@v3
701  0 @a仇厚援@Achou hou yuan@4主编
701  0 @a韩长日@Ahan chang ri@4主编
701  0 @a宋小平@Asong xiao ping@4主编
801  0 @aCN@bPFT@c20070929
905    @a213230@dTQ072-62@eh52@f1
    
    日用化工品制造技术:精细化工品实用生产技术手册/宋小平,韩长日,仇厚援 主编.-北京:科学技术文献出版社,2000
    754;20cm
    
    
    ISBN 7-5023-3037-2:
    
●
相关链接 在E读中查询图书 在五车中查询图书 在当当中查询图书 在豆瓣中查询图书


正题名:日用化工品制造技术     索取号:TQ072-62/h52         预约/预借

序号 登录号 条形码 馆藏地/架位号 状态 备注
1 6000979   260009797   密集书库-化学系/ [索取号:TQ072-62/h52] 在馆    
唐山师范学院图书馆 欢迎您!
大连网信软件有限公司© 版权所有